Franz Marc: 1880-1916

Gardado en:
Detalles Bibliográficos
Autor Principal: Partsch, Susanna (autora)
Formato: Libro
Idioma:Lingua castelá
Publicado: Colonia Benedikt Taschen 1992
Subjects:
Tags: Engadir etiqueta
Sen Etiquetas, Sexa o primeiro en etiquetar este rexistro!

MARC

LEADER 00000nam a2200000 a 4500
001 UCX7722
003 CL-VaPUC
005 20230317154640.0
008 931228e19920000GW |||||||||||||||||spa|d
999 |c 227469  |d 227467 
040 |c Pontificia Universidad Católica de Valparaíso 
082 0 4 |a 759.06  |b PAR  |2 21 
100 |a Partsch, Susanna  |e autora  |9 557760 
245 1 0 |a Franz Marc: 1880-1916 
260 |a Colonia  |b Benedikt Taschen  |c 1992 
300 |a 96 p 
583 |a last modification  |c 19931228 00:00:00  |k Rodrigo Vera 
600 |a Marc, Franz,  |d 1880-1916  |9 862349 
650 0 |a Pintura moderna  |9 265600 
942 |c BK  |2 ddc 
945 |d 19931228 00:00:00  |a nfarias 
952 |0 0  |1 0  |4 0  |6 759_060000000000000_PAR_1992  |7 0  |8 A  |9 226522  |a BIBARQ  |b BIBARQ  |d 2019-11-15  |i 2955172  |o 759.06 PAR 1992  |p 2955172  |r 2025-01-20  |w 2019-11-15  |y BK  |k ARQ 
952 |0 0  |1 0  |4 0  |6 759_060000000000000_PAR_1992  |7 0  |8 R  |9 226523  |a BIBART  |b BIBART  |d 2019-11-15  |i 3529193  |o 759.06 PAR 1992  |p 3529193  |r 2025-03-13  |w 2019-11-15  |y BK_R  |k ART